| 000 | 01123cam a2200457 4500 | ||
|---|---|---|---|
| 001 | M88287 | ||
| 008 | 090401t1997 xxu||||| |||| 00| 0 eng d | ||
| 035 | _a(Sirsi) u82671 | ||
| 041 | _aeng | ||
| 050 | _a332.6324094 | ||
| 110 |
_aJones Lang Wootton _92909 |
||
| 245 | _aEuropean property investment: key facts and issues for investors. | ||
| 260 |
_aLondon _bJones Lang Wootton _c1997 |
||
| 300 | _a96p. ; 30cm. | ||
| 350 | _a0 | ||
| 650 | _aAUSTRIA | ||
| 650 | _aBELGIUM | ||
| 650 | _aCZECH REPUBLIC | ||
| 650 | _aEUROPE | ||
| 650 | _aFRANCE | ||
| 650 | _aGERMANY | ||
| 650 | _aHOTELS | ||
| 650 | _aHUNGARY | ||
| 650 | _aIRELAND | ||
| 650 | _aITALY | ||
| 650 | _aLUXEMBOURG | ||
| 650 | _aNETHERLANDS | ||
| 650 | _aOFFICES | ||
| 650 | _aPOLAND | ||
| 650 | _aPROPERTY INVESTMENT | ||
| 650 | _aPROPERTY MARKET | ||
| 650 | _aRENTS | ||
| 650 | _aRETAIL PROPERTY | ||
| 650 | _aSPAIN | ||
| 650 | _aSWEDEN | ||
| 650 | _aUNITED KINGDOM | ||
| 650 | _aYIELDS | ||
| 690 | _aPROPERTY-COMMERCIAL PROPERTY-COMMERCIAL PROPERTY FINANCE AND INVESTMENT | ||
| 942 | _n0 | ||
| 948 | _c15/12/1997 | ||
| 999 |
_c96813 _d96813 |
||